Microeconomía y conducta (Registro nro. 4261)

Detalles MARC
000 -LEADER
fixed length control field 01798 a2200241 4500
001 - CONTROL NUMBER
control field 46984
005 - DATE AND TIME OF LATEST TRANSACTION
control field 20260407155739.0
008 - FIXED-LENGTH DATA ELEMENTS--GENERAL INFORMATION
fixed length control field 260407a2001 arg spa d
003 - CONTROL NUMBER IDENTIFIER
control field AR-UNSa-BCEJYS
040 ## - CATALOGING SOURCE
Original cataloging agency AR-UNSa-BCEJYS
Language of cataloging spa
Transcribing agency AR-UNSa-BCEJYS
080 ## - UNIVERSAL DECIMAL CLASSIFICATION NUMBER
Universal Decimal Classification number 330.101.542
Common auxiliary subdivision Microeconomía
020 ## - INTERNATIONAL STANDARD BOOK NUMBER
International Standard Book Number 978-84-481-3037-4
100 1# - MAIN ENTRY--PERSONAL NAME
Personal name Frank, Robert H.
245 10 - TITLE STATEMENT
Title Microeconomía y conducta
250 ## - EDITION STATEMENT
Edition statement 4a. ed.
264 #1 - PRODUCTION, PUBLICATION, DISTRIBUTION, MANUFACTURE, AND COPYRIGHT NOTICE
Place of production, publication, distribution, manufacture Madrid :
Name of producer, publisher, distributor, manufacturer McGraw-Hill
Date of production, publication, distribution, manufacture, or copyright notice 2001
300 ## - PHYSICAL DESCRIPTION
Extent 595 p.
Dimensions 25 cm.
505 ## - FORMATTED CONTENTS NOTE
Formatted contents note Parte I: Introducción: 1. Pensar como un economista - 2. La oferta y la demanda -- Parte II: La teoría de la conducta del consumidor: 3. La elección racional del consumidor - 4. La demanda del consumidor y del mercado - 5. Aplicaciones de las teorías de la elección racional y de la demanda - 6. La economía de la información y la elección en condiciones de incertidumbre (complementario) - 7. Explicación de los gustos: El altruismo y otros tipos de conducta desinteresada (complementario) - 8. Limitaciones cognoscitivas y conducta del consumidor (complementario) -- Parte III: La teoría de la empresa y la estructura del mercado: 9. La producción - 10. Los costos - 11. La competencia perfecta - 12. El monopolio - 13. El oligopolio y la competencia monopolística -- Parte IV: Los mercados de factores: 14. El trabajo - 15. El capital (complementario) -- Parte V: El equilibrio general y el bienestar: 16. El equilibrio general y la eficiencia del mercado - 17. Las externalidades. Los derechos de propiedad y el teorema de coase - 18. El estado (complementario).
590 ## - LOCAL NOTE (RLIN)
Local note niveau_biblio:m niveau_hierar:0
700 1# - ADDED ENTRY--PERSONAL NAME
Personal name Rabasco, Esther
856 41 - ELECTRONIC LOCATION AND ACCESS
Uniform Resource Identifier <a href="https://www.biblioeco.unsa.edu.ar/pmb/images/libros/L127361.jpg">https://www.biblioeco.unsa.edu.ar/pmb/images/libros/L127361.jpg</a>
Link text Imagen de portada
Electronic format type image/jpeg
942 ## - ADDED ENTRY ELEMENTS (KOHA)
Koha item type
Existencias
Withdrawn status Lost status Damaged status Not for loan Home library Current library Shelving location Date acquired Total checkouts Full call number Barcode Date last seen Price effective from Koha item type
        Biblioteca Prof. Eusebio Cleto del Rey Biblioteca Prof. Eusebio Cleto del Rey   07/04/2026   330.101.542 F828 4ed. L127361 07/04/2026 07/04/2026 Libro